Quản trị học Bài tập - nghiên cứu tình huống

সংরক্ষণ করুন:
গ্রন্থ-পঞ্জীর বিবরন
প্রধান লেখক: Bùi, Văn Danh
অন্যান্য লেখক: Lê, Quang Khôi, Nguyễn, Văn Dung
বিন্যাস: গ্রন্থ
ভাষা:Vietnamese
প্রকাশিত: Hà Nội Lao Động 2011
বিষয়গুলি:
ট্যাগগুলো: ট্যাগ যুক্ত করুন
কোনো ট্যাগ নেই, প্রথমজন হিসাবে ট্যাগ করুন!
Thư viện lưu trữ: Trung tâm Học liệu Lê Vũ Hùng, Trường Đại học Đồng Tháp
LEADER 01130pam a22003618a 4500
001 00032365
005 20171026081025.0
008 140813s2011 ||||||viesd
020 |c 75000 
041 0 # |a vie 
082 1 4 |a 658.007 6  |b QU105TR 
100 1 # |a Bùi, Văn Danh 
245 1 0 |b Bài tập - nghiên cứu tình huống  |a Quản trị học  |c Bùi Văn Danh, Nguyễn Văn Dung, Lê Quang Khôi 
260 # # |a Hà Nội  |b Lao Động  |c 2011 
300 # # |a 297 tr.  |c 24 cm. 
653 # # |a Nhân sự 
653 # # |a Bài tập 
653 # # |a Quản trị học 
653 # # |a Tổ chức 
653 # # |a Tình huống 
653 # # |a Tài chính 
700 1 # |a Lê, Quang Khôi 
700 1 # |a Nguyễn, Văn Dung 
852 # # |j KD.0015984  |j KM.0017050  |j KM.0017051  |j KM.0017053  |j KM.0017052 
852 # # |b Kho đọc  |j KD.0015984 
852 # # |b Kho mượn  |j KM.0017050, KM.0017051, KM.0017052, KM.0017053 
910 |d 13/8/2014 
980 # # |a Trung tâm Học liệu Lê Vũ Hùng, Trường Đại học Đồng Tháp